| 000 | 01885nam a22003137a 4500 | ||
|---|---|---|---|
| 999 |
_c21905 _d21905 |
||
| 003 | AR-CdUCM | ||
| 008 | 190425b ||||| |||| 00| 0 spa d | ||
| 040 |
_aMUNICIPALIDAD PROVINCIAL DEL CUSCO _cBIBLIOTECA MUNICIPAL DEL CUSCO |
||
| 082 | _aRev.Univ/N°141/2012 | ||
| 110 |
_aUniversidad Nacional de San Antonio Abad del Cusco _915942 |
||
| 245 |
_aRevista Universitaria : _bÓrgano de la Universidad del Cuzco / |
||
| 260 |
_aCusco : _bUniversitaria, _c2012. |
||
| 300 |
_a348 páginas. : _bilustraciones en color ; _c29 cm. |
||
| 440 |
_aRevista Universitaria _nAño 2013, N°141. _946772 |
||
| 500 | _aRevista donado por la Mesa Redonda Panamericana. | ||
| 505 | _aContenido: El Inca Garcilaso de la Vega. José Gabriel Cosio Medina. -- El Inca Garcilaso de la Vega. Alfredo Yépez Miranda. -- Garcilaso, el cuzqueño. Julio Gutiérrez Loaiza. -- Garcilaso de la Vega. Fortunato L. Herrera. -- El dialogo posible entre el inca Garcilaso de la Vega y Felipe Guamán Poma de Ayala. Enrique Rozas Paravicino -- Releyendo al Inca Garcilaso. -- Antecedentes del indigenismo reforma universitaria y escuela cusqueña. -- Flora xerofítica de la cuenca de Apurímac Limatambo Curahuasi. -- Vocalizaciones típicas de aves silvestres en el valle sur del Cusco. -- Piedras nieve y agua en el santuario de Qoyllur Rit´i. -- Eulogio Nishiyama fotógrafo del Cusco... | ||
| 650 |
_aBotánica cusqueña _945807 |
||
| 650 |
_aFolklore cusqueño _98693 |
||
| 650 |
_aInca Garcilaso de la Vega _9300 |
||
| 700 |
_aRosas Paravicino, Enrique _9417 |
||
| 700 |
_aPantoja Palomino, Mario _946773 |
||
| 700 |
_aCáceres Chalco, Efraín _946774 |
||
| 700 |
_aParedes Pando, Oscar _914521 |
||
| 700 |
_aCosio Cuentas, Pompeyo _946775 |
||
| 700 |
_aTupayachi Herrera, Alfredo _920659 |
||
| 710 |
_aUniversidad Nacional de San Antonio Abad del Cusco _915942 |
||
| 942 |
_2ddc _cPP |
||
| 945 | _arac | ||